000 00244nam a22000857a 4500
008 160711b xxu||||| |||| 00| 0 eng d
100 _92614
_a Richter, E
245 _aThe Making of a Pilot
260 _aPhiladelphia
_b The west minister press
_cMCML XVI
999 _c2269
_d2269